|
|
|
|
| LEADER |
00000nam0a2200000 4500 |
| 001 |
61158 |
| 005 |
20231031062419.0 |
| 010 |
|
|
|a 5275002440
|
| 035 |
|
|
|a (RuTPU)RU\TPU\book\64713
|
| 090 |
|
|
|a 61158
|
| 100 |
|
|
|a 20040304d2001 km y0rusy50 ca
|
| 101 |
0 |
|
|a rus
|
| 102 |
|
|
|a RU
|
| 105 |
|
|
|a a f 000zd
|
| 200 |
1 |
|
|a Герои мифов и сказаний
|
| 210 |
|
|
|a Москва
|c Терра
|d 2001
|
| 215 |
|
|
|a 272 с.
|c ил.
|
| 225 |
1 |
|
|a Популярная энциклопедия
|
| 610 |
1 |
|
|a мифы
|
| 610 |
1 |
|
|a сказания
|
| 610 |
1 |
|
|a легенды
|
| 610 |
1 |
|
|a герои
|
| 610 |
1 |
|
|a мифология
|
| 610 |
1 |
|
|a энциклопедии
|
| 675 |
|
|
|a 811(031)
|v 3
|
| 801 |
|
1 |
|a RU
|b 63413507
|c 20040304
|g PSBO
|
| 801 |
|
2 |
|a RU
|b 63413507
|c 20040323
|g PSBO
|
| 942 |
|
|
|c BK
|